000 02479cam a2200349 a 4500
001 16148659
003 ARRUPE
005 20131001122402.0
008 100323s2010 nyub b 001 0beng
010 _a 2010012302
020 _a9781933346281
020 _a1933346280
035 _a(OCoLC)ocn456175056
040 _aDLC
_cDLC
_dBTCTA
_dYDXCP
_dC#P
_dZPX
_dBWX
_dNNG
_dLTP
_dDLC
043 _ae-it---
050 0 0 _aBX4700.C4
_bB76 2010
082 0 0 _a282.092
_aB
_222
100 1 _aBrophy, Donald,
_d1934-
_91766
245 1 0 _aCatherine of Siena :
_ba passionate life /
_cDon Brophy.
260 _aNew York :
_bBlueBridge,
_cc2010.
300 _a296 p. :
_bmap ;
_c24 cm.
504 _aIncludes bibliographical references (p. 248-254) and index.
505 0 _aThe dyer's daughter -- The mantle -- The room -- The city -- "Our most kind mamma" -- A time of testing -- "Sweet holy crusade" -- "The bed of fire and blood" -- Encounter in Avignon -- New foundations -- Fulfillment and disintegration -- Catherine in Rome -- Crossing the bridge.
520 _a"In an age when most women were shuttered in kitchens or convents, Catherine--the unschooled daughter of a Sienese dyer--engaged in political, social, and spiritual activism. Enflamed by her convictions and mystical devotion, she strove to restore harmony to the world and to lift up the people. She contended with popes, monarchs, and ordinary citizens, cajoling, begging, and--when nothing else worked--commanding people to do her will. She campaigned for peace among the warring factions of her native Tuscany, struggled to reform the church, and helped persuade Pope Gregory XI to leave Avignon and return to Rome. For all this she was both praised and reviled, revered as a holy woman by her friends and disciples, and nearly assassinated by some of her enemies. Exhausted by work and austerities, she died when she was only thirty-three years old--all-consumed by her inner fire"--Cover, p. 2.
600 0 0 _aCatherine,
_cof Siena, Saint,
_d1347-1380.
_91767
650 0 _aChristian saints
_zItaly
_vBiography.
_91768
856 4 2 _3Contributor biographical information
_uhttp://www.loc.gov/catdir/enhancements/fy1108/2010012302-b.html
856 4 2 _3Publisher description
_uhttp://www.loc.gov/catdir/enhancements/fy1108/2010012302-d.html
906 _a7
_bcbc
_corignew
_d1
_eecip
_f20
_gy-gencatlg
942 _2lcc
_cMONOGRAPH
999 _c118168
_d118168